000
003130000a22001450004500
003
MACL
040
_a
MACL
090
_c
2322
_d
2322
100
_a
Kothari, Prakash
245
_a
Comman Sexual Problems And Solutions
260
_b
UBS Publishers
_c
1995
350
_a
75
650
_a
Technology
942
_c
BOOK
_k
610
999
_c
2304
_d
2304